Fr. Conceicao Rodrigues College of Engineering

Wireless communication (Record no. 32975)

MARC details
000 -LEADER
fixed length control field 00377nam a2200169Ia 4500
082 ## - DEWEY DECIMAL CLASSIFICATION NUMBER
Classification number 621.382
Item number SIN
100 ## - MAIN ENTRY--PERSONAL NAME
Personal name Singal/T.L
245 ## - TITLE STATEMENT
Title Wireless communication
260 ## - PUBLICATION, DISTRIBUTION, ETC.
Name of publisher, distributor, etc. Mc Graw Hill
Date of publication, distribution, etc. 2010
366 ## - TRADE AVAILABILITY INFORMATION
Publishers's discount category 25
300 ## - PHYSICAL DESCRIPTION
Extent 667
546 ## - LANGUAGE NOTE
Language note ENGLISH
-- electronics
650 ## - SUBJECT ADDED ENTRY--TOPICAL TERM
Topical term or geographic name entry element Wireless communication
654 ## - SUBJECT ADDED ENTRY--FACETED TOPICAL TERMS
Focus term Wireless communication
942 ## - ADDED ENTRY ELEMENTS (KOHA)
Koha item type BOOK
Holdings
Withdrawn status Lost status Damaged status Not for loan Collection Home library Current library Date acquired Source of acquisition Cost, normal purchase price Inventory number Total Checkouts Full call number Barcode Date last seen Cost, replacement price Price effective from Koha item type
        CRC Fr. Agnel's C.Rodrigues College of Engineering Fr. Agnel's C.Rodrigues College of Engineering 17/03/2023 Allied Publishers 487.50 574 dt23.07.2015   621.382 SIN 23716 17/03/2023 650.00   BOOK
        CRC Fr. Agnel's C.Rodrigues College of Engineering Fr. Agnel's C.Rodrigues College of Engineering 17/03/2023 Allied Publishers 487.50 574 dt23.07.2015   621.382 SIN 23717 17/03/2023 650.00   BOOK
        CRC Fr. Agnel's C.Rodrigues College of Engineering Fr. Agnel's C.Rodrigues College of Engineering 17/03/2023 Allied Publishers 487.50 574 dt23.07.2015   621.382 SIN 23718 17/03/2023 650.00   BOOK
        CRC Fr. Agnel's C.Rodrigues College of Engineering Fr. Agnel's C.Rodrigues College of Engineering 17/03/2023 Allied Publishers 487.50 574 dt23.07.2015   621.382 SIN 23719 17/03/2023 650.00   BOOK
        CRC Fr. Agnel's C.Rodrigues College of Engineering Fr. Agnel's C.Rodrigues College of Engineering 17/03/2023 Allied Publishers 487.50 574 dt23.07.2015   621.382 SIN 23720 17/03/2023 650.00   BOOK